logo

Bir Sreshtho Munshi Abdur Rouf Library
Jhenaidah Cadet College

The First Book Of Islam : (Record no. 4004)

MARC details
000 -LEADER
fixed length control field 00553nam a2200217 a 4500
001 - CONTROL NUMBER
JCCL Control Number 4004
003 - CONTROL NUMBER IDENTIFIER
JCCL marc code BD-JhCC
005 - DATE AND TIME OF LATEST TRANSACTION
control field 20220614134022.0
008 - FIXED-LENGTH DATA ELEMENTS--GENERAL INFORMATION
fixed length control field 171120s1977 ii |||| ||a| 00| 0 eng d
035 ## - SYSTEM CONTROL NUMBER
system control number (BD-JhCC)4004
040 ## - CATALOGING SOURCE
Original cataloging agency BD-JhCC
Modifying agency BD-JhCC
041 ## - LANGUAGE CODE
Language code of Book eng
082 ## - DEWEY DECIMAL CLASSIFICATION NUMBER
Classification number 297
Author mark and Year FIR 1977
245 ## - TITLE STATEMENT
Title The First Book Of Islam :
Remainder of title Charity and Hajj Duties to the community /
260 ## - PUBLICATION, DISTRIBUTION, ETC. (IMPRINT)
Place of publication, distribution, etc Delhi :
Name of publisher, distributor, etc Kitab Bhavan,
Date of publication, distribution, etc 1977.
300 ## - PHYSICAL DESCRIPTION
Pagination 32 p. :
Dimensions 18 cm.
490 ## - SERIES STATEMENT
Series statement Lessons in Islam
650 ## - SUBJECT ADDED ENTRY--TOPICAL TERM
Topical term or geographic name as entry element 5611
942 ## - ADDED ENTRY ELEMENTS (KOHA)
Source of classification or shelving scheme Dewey Decimal Classification
Koha item type Books
Koha issues (borrowed), all copies 1
Holdings
Source of classification or shelving scheme Damaged status Not for loan Home library Current library Shelving location Date of accession Total Checkouts Full call number Barcode Date last seen Copy number Koha item type Date checked out
Dewey Decimal Classification     JCC Rouf Library JCC Rouf Library General Stacks 11/20/2017   297 FIR 1977 5611 11/20/2017 C-1 Books  
Dewey Decimal Classification     JCC Rouf Library JCC Rouf Library General Stacks 12/06/2017   297 FIR 1977 6588 12/06/2017 C-2 Books  
Dewey Decimal Classification     JCC Rouf Library JCC Rouf Library General Stacks   1 297 FIR 1977 9423 06/20/2022 C-3 Books 06/13/2022

JCC Library | Contacts | JCC Home

Last Update on 23 September 2017
Copyright @ 2017-2020 JCC Rouf Library
Rouf Library, Jhenidah Cadet College (JCC), Bangladesh